LIBRARY & INFORMATION CENTRE, KCAET, TAVANUR

ONLINE PUBLIC ACCESS CATALOGUE (OPAC)

Economics of under-developed countries / (Record no. 11412)

MARC details
000 -LEADER
fixed length control field 00479cam a2200193ua 4500
041 ## - LANGUAGE CODE
Language code of text/sound track or separate title eng
082 ## - DEWEY DECIMAL CLASSIFICATION NUMBER
Classification number 338.9
Item number BAU/EC
100 ## - MAIN ENTRY--AUTHOR NAME
Personal name Baver, P T .
245 ## - TITLE STATEMENT
Title Economics of under-developed countries /
250 ## - EDITION STATEMENT
Edition statement 1 /
260 ## - PUBLICATION, DISTRIBUTION, ETC. (IMPRINT)
Place of publication Cambridge :
Name of publisher Cambridge University Press ,
Year of publication 1960.
300 ## - PHYSICAL DESCRIPTION
Number of Pages 271 ; .
700 1# - ADDED ENTRY--PERSONAL NAME
Personal name Yamey, B S .
942 ## - ADDED ENTRY ELEMENTS (KOHA)
Koha item type Books
Holdings
Withdrawn status Lost status Damaged status Home library Current library Date acquired Full call number Accession Number Koha item type
Withdrawn     KAUAET Sanskrit University 07/04/2012 338.9 4147 Books
free website counter